000 00328nam a22001097a 4500
008 150422b xxu||||| |||| 00| 0 eng d
020 _a0-13-232620-5
_cAvailable
050 _a621.WAL
082 _2Fifth Edition
245 _aApplied Mechanics for Engineering Technology
_cWalker Keith M.
260 _aNew Jersey
_bPrentice Hall
_c1997
999 _c24783
_d24783